000 00378nam a2200133Ia 4500
003 GCL
008 140319s9999 xx 000 0 ara d
040 _aGCL /
_cGCL
082 0 4 _a658.8
_bع ت
245 1 0 _aالتسويق الدولى من منظور بلد نامى
260 _a[S.N] :
_bالدار المصرية اللبنانية ،
_c1992
300 _a350 ص
490 _a
999 _c35586
_d35586